| 000 | 02116nam a2200565 i 4500 | ||
|---|---|---|---|
| 001 | 6468 | ||
| 003 | KOSZ 005 | ||
| 005 | 20210512140309.0 | ||
| 008 | 970629s1991 pl a f f |000 0 pol | ||
| 015 | _aUWD 1992/5526 | ||
| 020 | _a8370000754 | ||
| 020 | _a8370000797 | ||
| 035 | _a991001605809705066 | ||
| 035 | _a(PL-WaBN)b10456533-48omnis_nlop | ||
| 035 | _ab10456533 | ||
| 035 | _a(OCoLC)834079076 | ||
| 035 | _a(PL)b0000001045653 | ||
| 035 | _a(EXLNZ-48OMNIS_NETWORK)9910051300905606 | ||
| 040 |
_aWA N _cWA N _dWA N _dKOSZ 005/HR |
||
| 046 | _k1992 | ||
| 080 | _a528.3/.4 | ||
| 080 | _a528.5 | ||
| 080 | _a621.38 | ||
| 080 | _a(075.8) | ||
| 100 | 1 |
_aPłatek, Aleksander _d(1924-1996) _eAutor |
|
| 245 | 1 | 0 |
_aGeodezyjne dalmierze elektromagnetyczne i tachymetry elektroniczne. _nCz. 2, _pOptyczne dalmierze interferencyjne, teodolity i tachymetry elektroniczne / _cAleksander Płatek. |
| 246 | 3 | 0 | _aOptyczne dalmierze interferencyjne, teodolity i tachymetry elektroniczne |
| 260 |
_aWarszawa : _bPańst. Przedsiębiorstwo Wydawnictw Kartograficznych im. E. Romera : Polskie Przedsiębiorstwo Wydawnictw Kartograficznych im. E. Romera, _c1992. |
||
| 300 |
_a[2] s., s. 163-320 : _bfot., rys., wykr. ; _c24 cm. |
||
| 336 |
_aTekst _btxt _2rdacontent |
||
| 337 |
_aBez urządzenia pośredniczącego _bn _2rdamedia |
||
| 338 |
_aWolumin _bnc _2rdacarrier |
||
| 380 | _aKsiążki | ||
| 380 | _aPublikacje dydaktyczne | ||
| 385 |
_mPoziom nauczania _aSzkoły wyższe |
||
| 388 | _a2001- | ||
| 500 | _aKoniec tekstu na s. 3 okł. | ||
| 504 | _aBibliogr. s. 320-[321]. | ||
| 521 | _aDla studentów wydz. geodezyjnych wyższych uczelni technicznych. | ||
| 650 | 7 |
_aDalmierz _2DBN |
|
| 650 | 7 |
_aTachimetria _2DBN |
|
| 650 | 7 | _aUrządzenia | |
| 650 | 7 |
_aTeodolit _2DBN |
|
| 655 | 7 |
_aPodręczniki akademickie _2DBN |
|
| 658 | _aGeografia i nauki o Ziemi | ||
| 658 | _aInżynieria i technika | ||
| 856 |
_uhttp://koha.tu.koszalin.pl/cgi-bin/koha/opac-detail.pl?biblionumber=6468 _yKatalog online BPK |
||
| 942 |
_2UKD _cKS |
||
| 999 |
_c6468 _d6468 |
||